000 00299nam a22001337a 4500
008 170615b xxu||||| |||| 00| 0 eng d
020 _a0876091672
041 _aeng
080 _a94(100)
100 _a19
101 _aSHH
245 _aCENTRAL ASIA AND WORLD
_cMANDELBAUM.M
942 _2udc
_cBK
999 _c17603
_d17603